Littérature - L'humain et ses limites (3) - Statistiques

Statistiques générales
  • Ce quiz a été pris 10 fois
  • Le résultat moyen est 4 sur 13
Statistiques - réponses
Hint Réponse % Correct
Cette maladie est également présente dans une oeuvre d'Albert Camus La Peste
89%
Quelles sont les deux villes où sont survenus des accidents nucléaires graves ? Tchernobyl
78%
Fukushima
56%
Il interrompt parfois son histoire par des micro-récits relatant d'une épidémie mortelle, laquelle ? Peste
56%
En quelle année ? 1997
44%
Quel évènement déclenché par Dieu survient dans la Génèse, où ce dernier punit les hommes de leurs péchés. Déluge
33%
Sophocle lui aussi, écrit, dans une tragédie grecque, l'épidémie de Thèbes. Quelle est son oeuvre ? Oedipe-Roi
22%
Qui écrit Ouragan, en 2010, récit du cyclone Katrina venu envahir plusieurs états du Sud de Etats-Unis ? Laurent Gaudé
11%
Qui écrit Histoire de la guerre de Péloponnèse vers 400 av. J-C ? Thucydide
11%
Qui est l'auteure du roman Il pleuvait des oiseaux, sorti en 2013 ? Jocelyne Saucier
0%
Comment Joséphine, dans le roman, nomme-t-elle cet ouragan ? La chienne
0%
Ce roman raconte lui aussi une catastrophe naturelle, laquelle ? Mega-feux
0%
Quelle auteur ukrainienne recueille les témoignages de cette catastrophe technologique après l'apocalypse ? Svetlana Alexievitch
0%
Aucun quiz correspondant
Distribution des résultats
% des personnes avec chaque résultat
Percentile par nombre de réponses
Votre historique - résultats
Vous n’avez pas pris ce quiz